000 00687nam a2200205 i 4500
001 64784
003 ES-MaACL
005 20260424183902.0
007 t|
008 040105s1984 sp ||||1| spa d
100 1 _aForster, E. M.
_951821
245 1 0 _aAlejandría
_b: historia y guía /
_cE.M. Forster ; prólogo de Lawrence Durrell ; traducción por Jordi Beltrán Ferrer.
260 _a[Barcelona] :
_bSeix Barral,
_c[1984]
300 _a301 p. ;
_c20 cm.
651 4 _aAlejandría (Egipto)-
_xDescripción.
_9147873
700 1 _aBeltrán, Jordi (
_d1941-)
_927364
700 1 _aDurrell, Lawrence,
_d1912-1990
_946321
852 _aES-MaACL
_jL-6261
_bR.106929
999 _c64784
_d64784